Normal view
MARC view
- Fysik
Entry Topical Term
001 - CONTROL NUMBER
- control field: 119807
003 - CONTROL NUMBER IDENTIFIER
- control field: NUST
005 - DATE AND TIME OF LATEST TRANSACTION
- control field: 20231227150701.0
008 - FIXED-LENGTH DATA ELEMENTS
- fixed length control field: 231227|| aca||aabn | a|a d
040 ## - CATALOGING SOURCE
- Original cataloging agency: NUST
- Transcribing agency: NUST
150 ## - HEADING--TOPICAL TERM
- Topical term or geographic name entry element: Fysik
670 ## - SOURCE DATA FOUND
- Source citation: Work cat.: (NUST)4473: Halliday, David, 5033, Physics Vol. 2, 2002.
